Statistics for Universities by country #2

Click here to take the quiz!

General Stats

  • This quiz has been taken 19 times
    (15 since last reset)
  • The average score is 8 of 15

Answer Stats

HintAnswer% Correct
University of AucklandNew Zealand
92%
Uppsala UniversitySweden
67%
Simon Fraser UniversityCanada
67%
Aarhus UniversityDenmark
67%
Pohang University of Science and TechnologySouth Korea
58%
Tomsk State UniversityRussia
58%
University of PlymouthEngland
58%
Leiden UniversityNetherlands
58%
Ghent UniversityBelgium
58%
Drexel UniversityUSA
50%
Erasmus UniversityNetherlands
50%
University of OtagoNew Zealand
33%
Acadia UniversityCanada
33%
Bemidji State UniversityUSA
8%
University of GorokaPapua New Guinea
0%

Score Distribution

Percentile by Number Answered

Percent of People with Each Score

Your Score History

You have not taken this quiz since the last reset